Gunnar Asplund, arquitecto (Record no. 20527)

MARC details
000 -LEADER
campo de control de longitud fija 00833nam a2200229 i 4500
001 - NÚMERO DE CONTROL
campo de control 20527
003 - IDENTIFICADOR DE NÚMERO DE CONTROL
campo de control ES-MaACL
005 - FECHA Y HORA DE LA ÚLTIMA TRANSACCIÓN
campo de control 20250910210339.0
007 - CAMPO FIJO DE DESCRIPCIÓN FÍSICA--INFORMACIÓN GENERAL
campo de control de longitud fija t|
008 - DATOS DE LONGITUD FIJA--INFORMACIÓN GENERAL
campo de control de longitud fija 021113s1982 sp ||||1| spa d
100 1# - ENTRADA PRINCIPAL--NOMBRE DE PERSONA
Nombre de persona Ahlberg, Hakon.
9 (RLIN) 18931
245 10 - MENCIÓN DEL TÍTULO
Título Gunnar Asplund, arquitecto
Resto del título : 1885-1940 /
Mención de responsabilidad, etc. Hakon Ahlberg ; con un ensayo de Elías Cornell ; [traducción de Luis Bravo].
260 ## - PUBLICACIÓN, DISTRIBUCIÓN, ETC.
Lugar de publicación, distribución, etc. Murcia :
Nombre del editor, distribuidor, etc. Colegio Oficial de Aparejadores y Arquitectos Técnicos,
Fecha de publicación, distribución, etc. 1982.
300 ## - DESCRIPCIÓN FÍSICA
Extensión 93 p. ;
Dimensiones 19 cm.
490 1# - MENCIÓN DE SERIE
Mención de serie Colección de arquitectura
700 1# - ENTRADA AGREGADA--NOMBRE PERSONAL
Nombre de persona Cornell, Elías.
9 (RLIN) 40624
700 1# - ENTRADA AGREGADA--NOMBRE PERSONAL
Nombre de persona Bravo, Elías.
9 (RLIN) 31448
710 2# - ENTRADA AGREGADA--NOMBRE DE ENTIDAD CORPORATIVA
Nombre de entidad corporativa o nombre de jurisdicción como elemento de entrada Colegio Oficial de Aparejadores y Arquitectos Técnicos de Murcia.
9 (RLIN) 2952
830 0# - PUNTO DE ACCESO ADICIONAL DE SERIE-TÍTULO UNIFORME
Título uniforme Colección de arquitectura
9 (RLIN) 183329
852 ## - LOCALIZACIÓN
Ubicación ES-MaACL
Número de control de estantería L-2912
Sublocalización o colección R.103910
Holdings
Estatus retirado Estado de pérdida Estado de daño No para préstamo Biblioteca de origen Biblioteca actual Ubicación en estantería Fecha de adquisición Fuente de adquisición Total de préstamos Signatura topográfica completa Código de barras Visto por última vez Precio de reemplazo Tipo de ítem Koha
        Biblioteca del Ateneo de Madrid Biblioteca del Ateneo de Madrid Depósito 2 17/01/2008     L-2912 1021074 23/02/2023 23/02/2023 Libro impreso